Lesbian images

Bibliography: p. [232]-238.; Includes index.; Neal A. Newfield, Ph.D., LICSW (Giver)

Gespeichert in:
Bibliographische Detailangaben
1. Verfasser: Rule, Jane
Format: Buch
Sprache:Undetermined
Veröffentlicht: Garden City, N.Y. Doubleday 1975
Schlagworte:
Online Zugang:http://lrc.tdmu.edu.vn/opac/search/detail.asp?aID=2&ID=31426
Tags: Tag hinzufügen
Keine Tags, Fügen Sie den ersten Tag hinzu!
Thư viện lưu trữ: Trung tâm Học liệu Trường Đại học Thủ Dầu Một
LEADER 00847nam a2200205Ia 4500
001 TDMU_31426
008 210410s9999 xx 000 0 und d
082 |a 624.1 
090 |b R510 
100 |a Rule, Jane 
245 0 |a Lesbian images 
245 0 |c Jane Rule 
260 |a Garden City, N.Y. 
260 |b Doubleday 
260 |c 1975 
300 |a vi, 246 p. 
520 |a Bibliography: p. [232]-238.; Includes index.; Neal A. Newfield, Ph.D., LICSW (Giver)  
650 |a Lesbians in literature; Lesbians' writings  |x History and criticism; Lesbians  |x Biography; Lesbianism; Đồng tính nữ trong văn học ; Bài viết của đồng tính nữa  |x Lịch sử và phê bình  
856 |u http://lrc.tdmu.edu.vn/opac/search/detail.asp?aID=2&ID=31426 
980 |a Trung tâm Học liệu Trường Đại học Thủ Dầu Một